Multiple Choice City Quiz – Sparta - Statistics

General Stats
  • This quiz has been taken 11,949 times
    11,930 since last reset
  • The average score is 6 of 10
Answer Stats
Question Answer % Correct
How many Spartans fought at the Battle of Thermopylae? 300
88%
Who was the King of Sparta who died at that battle? Leonidas
88%
At what age did nearly all Spartan boys go to live in a harsh military school called an agoge? Age 7
79%
In what war did Sparta defeat Athens? Peloponnesian War
77%
How were Spartans known for speaking? Terse, witty
63%
Who had control over the rest of Greece but left Sparta behind out of respect? The Macedonians
56%
The Helots made up the majority of the population of Ancient Sparta. Who were they? A persecuted serf caste
49%
The ancient Spartans were famous for their annual Gymnopaedia festival, which in English translates to _____ youth. Naked
49%
What legendary Spartan king lost his wife Helen when she was either seduced or abducted by Paris? Menelaus
37%
In what historical region of Greece is Sparta located? Laconia
35%
No matching quizzes found
Score Distribution
Percent of People with Each Score
Percentile by Number Answered
Your Score History
You have not taken this quiz since the last reset